Systém elektronického ochodovania a jeho očakávaná efektívnosť dizertačná práca vo vednom odbore 25-11-9 Aplikovaná informatika

Salvato in:
Dettagli Bibliografici
Autore principale: Cárachová, Magdaléna
Ente Autore: Ekonomická univerzita v Bratislave. Fakulta hospodárskej informatiky
Altri autori: Štefánek, Ján
Natura: Libro
Lingua:slovacco
Pubblicazione: Bratislava 2006
Soggetti:
Tags: Aggiungi Tag
Nessun Tag, puoi essere il primo ad aggiungerne!!

MARC

LEADER 00000nam$a2200000$$$4500
001 0059177
005 20240104135417.6
041 0 |a slo 
044 |a SK 
245 1 0 |a Systém elektronického ochodovania a jeho očakávaná efektívnosť  |b dizertačná práca vo vednom odbore 25-11-9 Aplikovaná informatika  |c Magdaléna Cárachová ; školiteľ: Ján Štefánek 
264 1 |a Bratislava  |c 2006 
300 |a 143 s. 
610 2 0 |a obchod elektronický 
610 2 0 |a komunikácia elektronická 
610 2 0 |a internet 
610 2 0 |a modely ponuky 
610 2 0 |a modely 
610 2 0 |a podnikanie elektronické 
610 2 0 |a systém CRM 
610 2 0 |a dolovanie dát 
610 2 0 |a B2B 
100 1 |a Cárachová, Magdaléna 
700 1 |a Štefánek, Ján 
710 2 |a Ekonomická univerzita v Bratislave. Fakulta hospodárskej informatiky